Úradníci dostanú 13. platy, primátor odstupné 22 500 € rozhadzovanie košickej radnice, ktorá bankám dlhuje 38 miliónov €

Podrobná bibliografia
Médium: Článok
Jazyk:slovenčina
Fyzický popis:Fotogr.
ISSN:1335-4655
Predmet:

MARC

LEADER 00000nab a2200000 ar4500
001 vtls010203439
003 SK-MaSNL
005 20260303192148.0
008 110113c20101203xo mr|p|||||||000 b|slo
038 |a SNSK 
040 |b slo  |c SNSK  |e AACR2 
041 |a slo 
044 |a xo  |c SK 
080 |a 352  |x (437.671)  |x "2010"  |2 2001 
080 |a 331.27  |2 2001 
080 |a 35.073.527  |2 2001 
245 0 0 |a Úradníci dostanú 13. platy, primátor odstupné 22 500 €  |b rozhadzovanie košickej radnice, ktorá bankám dlhuje 38 miliónov €  |c [autor](hkl) 
300 |b Fotogr. 
610 1 7 |a Košice (Slovensko).  |b Mestské zastupiteľstvo  |2 snsk  |9 94952 
610 1 7 |a Košice (Slovensko).  |b Magistrát  |2 snsk  |9 168631 
648 7 |a 2010  |2 snsk  |9 324355 
650 0 7 |a odmeny  |2 snsk  |9 493371 
650 0 7 |a odstupné  |2 snsk  |9 662955 
650 0 7 |a dlhy  |2 snsk  |9 441591 
651 7 |a Košice (Slovensko)  |2 snsk  |9 18694 
773 0 |t Nový Čas  |g Roč. 20, č. 278 (3.12.2010), s. 8  |x 1335-4655 
852 |a SNSK  |b KIS3GCP 
999 |c 2144656  |d 2146586